GIMS - J'me tire [paroles] - Statistiques

Statistiques générales
  • Ce quiz a été pris 285 fois
  • Le résultat moyen est 75 sur 129
Statistiques - réponses
Réponse % Correct
tire
100%
me
99%
j’me
97%
de
96%
demande
96%
je
96%
ma
96%
pas
96%
pour
96%
pourquoi
95%
sans
95%
parti
94%
a
91%
à
91%
j’suis
91%
ces
88%
la
88%
mon
88%
plus
88%
dire
87%
parfois
87%
qui
87%
rien
87%
s’en
87%
c’est
86%
cœur
86%
mais
86%
triste
86%
mot
84%
motif
83%
partir
81%
moi
80%
s’endurcit
80%
j’sens
79%
loin
79%
d’ici
78%
laisse
78%
ne
77%
le
75%
que
75%
vie
75%
ça
73%
comme
72%
d’artiste
70%
pire
68%
n’m’attriste
67%
si
66%
est
64%
fuck
64%
cible
63%
juste
63%
pris
61%
sais
61%
bah
60%
qu’y
59%
qu’on
58%
ta
58%
tout
58%
m’disais
57%
57%
rime
57%
fait
56%
j’vais
54%
monde
54%
suis
54%
un
54%
d’dire
52%
endroit
52%
life
52%
garder
51%
dans
50%
les
50%
l’sourire
50%
tape
50%
cliché
49%
prendre
49%
l’dire
48%
changer
47%
besoin
46%
j’aurai
46%
d’nom
45%
j’serai
45%
mentir
45%
et
44%
j’veux
44%
mic
43%
gens
42%
l’suspect
41%
on
41%
Clay
40%
peste
40%
stop !
40%
vérité
40%
après
38%
leur
38%
“qu’est-ce
38%
reste
38%
Cassius
37%
couleur
37%
devenir ?”
37%
faut
37%
réfléchis
37%
allez
36%
fuiront
36%
sûrement
36%
m’auto-déteste
35%
ébène"
34%
malgré
34%
model
34%
m’ont
34%
trop
34%
donné
33%
maux
33%
c'qu'il
32%
j’reste
32%
t’aime
32%
tel
32%
vos
32%
interviews
31%
d’tête
30%
voudraient
30%
ceux
29%
vas-y !
29%
disent
27%
merci
27%
qu’j’préserve
27%
Meu-gui
23%
”Meu-gui
23%
m’prendre
13%
Aucun quiz correspondant
Distribution des résultats
% des personnes avec chaque résultat
Percentile par nombre de réponses
Votre historique - résultats
Vous n’avez pas pris ce quiz